| 000 | 00618nas a2200229 a 4500 | ||
|---|---|---|---|
| 001 | 65895 | ||
| 003 | 138704 | ||
| 005 | 20201118110244.0 | ||
| 008 | ||||||n9999 ||| || || | ||
| 041 | _aspa | ||
| 100 | _aGarzon Rojas, Ana Victoria | ||
| 245 | 0 |
_aAnálisis regional y empleo : _bun enfoque multidisciplinario |
|
| 260 |
_aBogotá : _bMinisterio de Trabajo y Seguridad Social, _c1997. |
||
| 300 | _a302p | ||
| 562 | _e3 | ||
| 650 | _aANALISIS SITUACIONAL | ||
| 650 | _aCOLOMBIA | ||
| 650 | _aDESARROLLO REGIONAL | ||
| 650 | _aECONOMÍA REGIONAL | ||
| 650 | _aPOLÍTICA LABORAL | ||
| 942 | _cDO-GO | ||
| 999 |
_c65895 _d65895 |
||